تعلیم اور اس کا سماجی پس منظر / (Record no. 174509)

MARC details
000 -LEADER
fixed length control field 00516nam a22001817a 4500
005 - DATE AND TIME OF LATEST TRANSACTION
control field 20200619112039.0
010 ## - LCCN (DPL NO)
LC control number 884812
020 ## - INTERNATIONAL STANDARD BOOK NUMBER
Terms of availability 10.75
035 ## - SYSTEM CONTROL NUMBER
System control number 884812
037 ## - SOURCE OF ACQUISITION
Source of stock number/acquisition BPPD/Pub.
082 ## - DEWEY DECIMAL CLASSIFICATION NUMBER
Classification number 370
100 ## - MAIN ENTRY--PERSONAL NAME
Personal name سلامت اللہ
245 ## - TITLE STATEMENT
Title تعلیم اور اس کا سماجی پس منظر /
Statement of responsibility, etc سلامت اللہ
246 ## - VARYING FORM OF TITLE
Title proper/short title Taleem aur Iss ka Samaji Pass Manzar /
Remainder of title by Salamatullah
260 ## - PUBLICATION, DISTRIBUTION, ETC. (IMPRINT)
Date of publication, distribution, etc 1977 ء
300 ## - PHYSICAL DESCRIPTION
Extent 272p.
Dimensions 20cm(Hb)
942 ## - ADDED ENTRY ELEMENTS (KOHA)
Source of classification or shelving scheme Dewey Decimal Classification
Item type Urdu Bks
Classification part 370
Call number suffix س ل ا
Holdings
Withdrawn status Lost status Not for loan Collection code Home library Current library Date acquired Source of acquisition Cost, normal purchase price Full call number Barcode Copy number Cost, replacement price Koha item type
      Non-fiction Central Library Central Library 19/06/2020 BPPD/Ven. 10.75 370 س ل ا 884812 150.00 10.75 Urdu Bks

© Delhi Public Library
Hit Counter
free hit counter